[Event "Las Palmas Insular-chT Segunda 1718"]
[Site "Las Palmas"]
[Date "2018.01.13"]
[Round "5.3"]
[White "Santana Chacopino, Carlos"]
[Black "Maroto Rivero, Adrian"]
[Result "1-0"]
[ECO "D02"]
[WhiteElo "1422"]
[BlackElo "1469"]
[PlyCount "117"]
[EventDate "2017.10.28"]
[EventType "team-swiss"]
[EventRounds "9"]
[EventCountry "ESP"]
[SourceTitle "EXT 2019"]
[Source "ChessBase"]
[SourceDate "2018.10.10"]
[SourceVersion "1"]
[SourceVersionDate "2018.10.10"]
[SourceQuality "1"]
[WhiteTeam "Fundacion La Caja de Canarias III"]
[BlackTeam "Sociedad La Montana IV"]
[WhiteTeamCountry "ESP"]
[BlackTeamCountry "ESP"]

1. d4 e6 2. Bf4 d5 3. Nf3 Nf6 4. e3 Be7 5. c3 Nbd7 6. Qc2 0-0 7. Nbd2 b6 8. Bd3 c5 9. Ne5 c4 10. Be2 Nxe5 11. Bxe5 Bd6 12. Bg3 Re8 13. Nf3 Ne4 14. Bh4 Be7 15. Bg3 Rf8 16. Ne5 Bd7 17. Bxc4 dxc4 18. Qxe4 Rc8 19. 0-0 f6 20. Nxd7 Qxd7 21. Rfd1 Rce8 22. d5 e5 23. Qxc4 Kh8 24. Qb3 Rc8 25. a4 Rfd8 26. c4 Bc5 27. Qc3 a5 28. b3 Bb4 29. Qd3 Bc5 30. f3 Bb4 31. Bf2 Bc5 32. Qe4 Qd6 33. Kf1 Bb4 34. Qf5 Bc5 35. e4 Bxf2 36. Kxf2 Qc5+ 37. Kf1 Qb4 38. Rab1 Qc5 39. h4 Qd6 40. h5 Rc7 41. Qe6 Qxe6 42. dxe6 Re8 43. Rd6 Rb7 44. Rbd1 Rbb8 45. Rc6 Kg8 46. Rdd6 Kf8 47. Rxb6 Rxb6 48. Rxb6 Rd8 49. Ke2 Re8 50. Ra6 Kg8 51. Rxa5 Rxe6 52. Rb5 Kf7 53. a5 Ke8 54. Rb6 Re7 55. a6 Rc7 56. Rb7 Kd8 57. Rxc7 Kxc7 58. b4 Kb6 59. b5 1-0

[Event "Las Palmas Insular-chT Segunda 1718"]
[Site "Las Palmas"]
[Date "2017.11.11"]
[Round "2.4"]
[White "Maroto Rivero, Adrian"]
[Black "Hernandez Hernandez, Luis Felix"]
[Result "1/2-1/2"]
[ECO "E61"]
[WhiteElo "1469"]
[BlackElo "1523"]
[PlyCount "51"]
[EventDate "2017.10.28"]
[EventType "team-swiss"]
[EventRounds "9"]
[EventCountry "ESP"]
[SourceTitle "EXT 2019"]
[Source "ChessBase"]
[SourceDate "2018.10.10"]
[SourceVersion "1"]
[SourceVersionDate "2018.10.10"]
[SourceQuality "1"]
[WhiteTeam "Sociedad La Montana IV"]
[BlackTeam "Piscolabis Oleaje San Andres II"]
[WhiteTeamCountry "ESP"]
[BlackTeamCountry "ESP"]

1. d4 Nf6 2. c4 g6 3. Nc3 Bg7 4. e3 d6 5. Nf3 0-0 6. Bd3 b6 7. Qc2 Bb7 8. Ne4 Nbd7 9. 0-0 e5 10. Nxf6+ Qxf6 11. Be4 c6 12. Rd1 d5 13. cxd5 cxd5 14. dxe5 Nxe5 15. Nxe5 Qxe5 16. Bf3 Rac8 17. Qb3 Rc5 18. Rb1 Rfc8 19. Qa4 a5 20. Bd2 Qd6 21. b3 Rc2 22. Rbc1 Rxc1 23. Rxc1 Rxc1+ 24. Bxc1 Bc6 25. Ba3 Qf6 26. Qg4 1/2-1/2

[Event "Gran Canaria Simul 2"]
[Site "Gran Canaria"]
[Date "2017.03.15"]
[Round "1.6"]
[White "Garcia Blanco, Omar"]
[Black "Maroto Rivero, Adrian"]
[Result "1-0"]
[ECO "C10"]
[WhiteElo "2272"]
[BlackElo "1289"]
[PlyCount "64"]
[EventDate "2017.03.15"]
[EventType "simul"]
[EventRounds "1"]
[EventCountry "ESP"]
[SourceTitle "EXT 2024"]
[Source "ChessBase"]
[SourceDate "2023.10.10"]
[SourceVersion "1"]
[SourceVersionDate "2023.10.10"]
[SourceQuality "1"]

1. e4 e6 2. d4 d5 3. Nc3 Be7 4. e5 b6 5. f4 Qd7 6. Nf3 Ba6 7. Bxa6 Nxa6 8. Qe2 Nb8 9. a4 c5 10. a5 bxa5 11. Be3 c4 12. f5 Bb4 13. fxe6 Qxe6 14. Ng5 Qe7 15. 0-0 Nh6 16. Nxd5 Qb7 17. Qf3 Nc6 18. e6 0-0 19. c3 Bd6 20. Nxh7 Kxh7 21. Bxh6 fxe6 22. Qe4+ Kh8 23. Qxe6 Bxh2+ 24. Kxh2 gxh6 25. Rf6 Rxf6 26. Qxf6+ Kh7 27. Re1 Rg8 28. Re6 Qb8+ 29. Kh1 Qf8 30. Rxc6 Qxf6 31. Nxf6+ Kg7 32. Nxg8 Kxg8 1-0

[Event "Gran Canaria Santana Memorial 5th"]
[Site "Gran Canaria"]
[Date "2017.02.24"]
[Round "7"]
[White "Maroto Rivero, Adrian"]
[Black "Sanchez Montesdeoca, Isaac"]
[Result "1/2-1/2"]
[ECO "A52"]
[WhiteElo "1257"]
[BlackElo "1757"]
[PlyCount "95"]
[EventDate "2017.02.03"]
[EventType "swiss"]
[EventRounds "7"]
[EventCountry "ESP"]
[SourceTitle "CBM 177 Extra"]
[Source "ChessBase"]
[SourceDate "2017.04.27"]
[SourceVersion "1"]
[SourceVersionDate "2017.04.27"]
[SourceQuality "1"]

1. d4 Nf6 2. c4 e5 3. dxe5 Ng4 4. e4 Nxe5 5. g3 Bb4+ 6. Bd2 Qe7 7. a3 Bxd2+ 8. Nxd2 0-0 9. Bg2 Nd3+ 10. Kf1 f5 11. Qe2 fxe4 12. Nxe4 Ne5 13. f4 Nbc6 14. Nf3 Nxf3 15. Bxf3 Nd4 16. Qf2 Nxf3 17. Qxf3 a5 18. Kf2 Ra6 19. Rhe1 Re6 20. Ng5 Qc5+ 21. Kg2 Rd6 22. Ne4 Qc6 23. Nxd6 Qxd6 24. Rad1 Qg6 25. Qd5+ Kh8 26. Qe5 Qc6+ 27. Qe4 Qf6 28. Qd4 Qf7 29. Rd2 b5 30. Rde2 Bb7+ 31. Kg1 c5 32. Qd6 Rg8 33. Re7 Qxc4 34. Re8 Qd4+ 35. Qxd4 cxd4 36. Kf2 Bd5 37. Rxg8+ Kxg8 38. Rd1 Kf7 39. Rxd4 Ke6 40. Ke3 g6 41. b4 a4 42. Kd3 Bc6 43. Ke3 Kf6 44. Kd3 Ke6 45. Ke3 Kf6 46. Kd3 Kf5 47. Ke3 Kg4 48. Kf2 1/2-1/2

[Event "Las Palmas Insular-chT Segunda-A 1617"]
[Site "Las Palmas"]
[Date "2016.11.12"]
[Round "4.2"]
[White "Perez Gil, Jose Juan"]
[Black "Maroto Rivero, Adrian"]
[Result "1-0"]
[ECO "C29"]
[WhiteElo "1667"]
[BlackElo "1274"]
[PlyCount "47"]
[EventDate "2016.10.22"]
[EventType "team-tourn"]
[EventRounds "14"]
[EventCountry "ESP"]
[SourceTitle "EXT 2018"]
[Source "ChessBase"]
[SourceDate "2017.10.13"]
[SourceVersion "1"]
[SourceVersionDate "2017.10.13"]
[SourceQuality "1"]
[WhiteTeam "Villa de Teror IV"]
[BlackTeam "Sociedad La Montana Juvenil"]
[WhiteTeamCountry "ESP"]
[BlackTeamCountry "ESP"]

1. e4 e5 2. Nc3 Nf6 3. f4 Nc6 4. fxe5 Nxe5 5. d4 Ng6 6. e5 Ng8 7. Nf3 d6 8. Qe2 N8e7 9. Bg5 h6 10. Be3 Bg4 11. 0-0-0 Nc6 12. exd6 Bxd6 13. Bxh6+ Be7 14. Bxg7 Rh7 15. Bf6 Qd7 16. Bxe7 Ngxe7 17. d5 Na5 18. Re1 0-0-0 19. Qxe7 Qxe7 20. Rxe7 b6 21. Ne5 Bh5 22. Ba6+ Kb8 23. b4 Nb7 24. Nc6+ 1-0

[Event "Las Palmas Insular-chT Segunda-A 1617"]
[Site "Las Palmas"]
[Date "2016.10.29"]
[Round "2.2"]
[White "Maroto Rivero, Adrian"]
[Black "Mengibar Martinez, Manuel"]
[Result "0-1"]
[ECO "B17"]
[WhiteElo "1274"]
[BlackElo "1608"]
[PlyCount "105"]
[EventDate "2016.10.22"]
[EventType "team-tourn"]
[EventRounds "14"]
[EventCountry "ESP"]
[SourceTitle "EXT 2018"]
[Source "ChessBase"]
[SourceDate "2017.10.13"]
[SourceVersion "1"]
[SourceVersionDate "2017.10.13"]
[SourceQuality "1"]
[WhiteTeam "Sociedad La Montana Juvenil"]
[BlackTeam "San Mateo Servitel"]
[WhiteTeamCountry "ESP"]
[BlackTeamCountry "ESP"]

1. e4 c6 2. d4 d5 3. Nc3 dxe4 4. Nxe4 Nd7 5. Nf3 Ngf6 6. Nc3 Nb6 7. Bf4 Bg4 8. Be2 e6 9. a3 Nfd5 10. Nxd5 Nxd5 11. Bg3 Bd6 12. Bxd6 Qxd6 13. h3 Bh5 14. Qd2 Nf4 15. g4 Nxe2 16. Qxe2 Bg6 17. 0-0-0 Qd5 18. Kb1 Be4 19. Rd3 Bxd3 20. Qxd3 0-0-0 21. Re1 f6 22. Qe4 Qxe4 23. Rxe4 Rhe8 24. c3 Kc7 25. Kc2 b6 26. b4 a5 27. Kb3 axb4 28. axb4 Ra8 29. Re1 Kd6 30. Nd2 c5 31. Nc4+ Kc6 32. b5+ Kc7 33. dxc5 bxc5 34. Na3 e5 35. c4 Red8 36. Re3 Rd4 37. f3 Rad8 38. Kc3 Rd1 39. h4 g6 40. g5 fxg5 41. hxg5 Kd6 42. Kc2 Rg1 43. Rd3+ Ke7 44. b6 Rxd3 45. Kxd3 Kd7 46. Ke4 Kc6 47. Kxe5 Rxg5+ 48. Ke4 Kxb6 49. f4 Rg3 50. Nc2 Rc3 51. Ne3 Ka5 52. f5 gxf5+ 53. Nxf5 0-1